| 000 | 01060nam0a22002771 4500 | ||
|---|---|---|---|
| 001 | rc\4292279 | ||
| 005 | 20130416123824.1 | ||
| 021 |
_aRU _b[68-85869] |
||
| 035 | _a(NLR Aleph) 008496899 | ||
| 090 |
_a8084338 _c8084338 |
||
| 100 | _a20130416d1968 |||y0rusy50 ca | ||
| 101 | 0 | _arus | |
| 102 | _aRU | ||
| 105 | _aa b ||||| | ||
| 200 | 1 | _aУральский плакат времен гражданской войны | |
| 210 |
_aПермь _cКн. изд-во _d1968 |
||
| 215 |
_a95 с. _cил. _d22 |
||
| 320 | _aБиблиогр.: с. 83-94 | ||
| 606 |
_aПлакат политический русский советский _xИстория _2psbo |
||
| 606 |
_aИностранная военная интервенция и гражданская война в СССР 1918-1920 гг. в изобразительном искусстве _2psbo |
||
| 700 | 1 |
_aБудрина _bА. Г. _f1927- _gАгата Григорьевна |
|
| 801 | 0 |
_aRU _bNLR _gpsbo |
|
| 801 | 1 |
_aRU _bELAR _2rusmarc |
|
| 852 |
_aNLR _j68-6/12799 |
||
| 942 | _cBOOK | ||
| 980 | _aNB | ||